Formel 1: Berühmte Fahrer der 70er nach Team - Statistiken

Allgemein
  • Dieses Quiz wurde 31 mal gespielt
  • Das Durchschnittsergebnis liegt bei 7 aus 15
Antwortstatistiken
Starts 70 | 71 72 | 73 74 | 75 76 | 77 78 | 79 WM Fahrer % Korrekt
49 March | Tyrrell Tyrrell - - - 2 Jackie Stewart
86%
134 Lotus Lotus McLaren Copersucar Fittipaldi 2 Emerson Fittipaldi
76%
113 - | March March | BRM Ferrari Ferrari Brabham 2 Niki Lauda
71%
92 - - | March March | Hesketh McLaren McLaren | Wolf 1 James Hunt
67%
9 Lotus | - - - - - 1 Jochen Rindt
57%
99 - McLaren Tyrrell Tyrrell | Wolf Wolf | Ferrari 1 Jody Scheckter
57%
95 March | Ferrari Ferrari | - Parnelli Parnelli, Lotus Lotus 1 Mario Andretti
52%
128 Ferrari Ferrari | B.R.M. Ferrari Ferrari | Ensign Shadow | Williams - Clay Regazzoni
43%
46 March | Tyrrell Tyrrell - - - - Francois Cevert
38%
114 - Brabham Brabham Brabham | Ferrari Ferrari | Lotus - Carlos Reutemann
29%
123 March March | Lotus Lotus Lotus, March | Tyrrell Lotus | - - Ronnie Peterson
29%
96 Ferrari Ferrari | Ferrari, McLaren Lotus Williams | Ensign Ensign | Ligier - Jacky Ickx
24%
85 - - | Surtees Surtees | McLaren McLaren ATS | Arrows - Jochen Mass
24%
79 - - Williams Ligier Ligier - Jacques Laffite
19%
72 - March | Surtees Surtees | Brabham Brabham - - Carlos Pace
10%
Keine übereinstimmenden Quizze gefunden
Verteilung der Resultate
Anzahl Personen mit jedem Resultat
Perzentil nach korrekt beantworteten Fragen
Ihre Resultats-Entwicklung
Sie haben dieses Quiz noch nicht gespielt